Solidarność - nowoczesny ruch społeczny

Titel: Solidarność - nowoczesny ruch społeczny / Zbigniew Bujak, Stefan Garsztecki
Verfasser: ;
In: Lekcja solidarności, (2017), Seite 25-31
alle Artikel anzeigen
Veröffentlicht: 2017
Format: Aufsatz
Sprache: Polnisch
Schlagworte:
Kein Bild verfügbar
X
alg: 44569736
001A    $03025:28-02-19 
001B    $01999:28-02-19 $t23:49:52.000 
001D    $03025:28-02-19 
001U    $0utf8 
001X    $00 
002@    $0Oou 
002C    $aText $btxt $2rdacontent 
002D    $aComputermedien $bc $2rdamedia 
002E    $aOnline-Ressource $bcr $2rdacarrier 
003@    $0445697369 
007A    $0445697369 $aHEB 
009Q    $uhttps://www.ecs.gda.pl/library/File/nauka/e-booki/ECS_raport_Lekcja_.pdf $xH 
010@    $apol 
010E    $erda 
011@    $a2017 
013D    $RDiskurs $RInterview $RKonversation $#Conversation $#Interviews $#Conversation $#Entretiens $#Gespräch $#Gesprächssammlung $#Gespräche $74020713-4 $8Gespräch [Ts1] $9085050156 
021A    $aSolidarność - nowoczesny ruch społeczny $hZbigniew Bujak, Stefan Garsztecki 
028A    $BVerfasser $4aut $7119124130 $8Bujak, Zbigniew$Z1954- [Tp1] $9087464284 
028C    $BVerfasser $#Garsztecki, Peter Stefan Maria $4aut $712448509X $8Garsztecki, Stefan$Z1962- [Tp3] $915515673X 
031A    $h25-31 $j2017 
039B    $aEnthalten in $8--Oau--. Lekcja solidarności. - Gdańsk : Europejskie Centrum Solidarności, 2017. - 91 Seiten. - ISBN 978-83-62853-66-3 $x201700000000000975 $9445695900 
044K    $RKongresspolen $RWestgalizien $#Generalgouvernement Polen $#Polska $#Rzeczpospolita Polska $#Polska Rzeczpospolita Ludowa $#Poland $#Pologne $#République Polonaise $#Generalne Gubernatorstwo w Polsce $#Polish People's Republic $#Polska Rzeczpospolita Polen $#PRL $#RP $#Polen Generalgouvernement $#Polska Generalgouvernement $#Besetzte Polnische Gebiete $#Besetztes Gebiet in Polen $#Okupowane Polskie Obszary $#Obszary Okupowane w Polsce $#Volksrepublik Polen $#Polska Rosyjska $#Republic Polen $#Respublika Pol'ša $#Pol'skaja Narodnaja Respublika $#République de Pologne $#Polen Links der Weichsel $#Polska po Lewej Stronie Wisły $#Lenkija $#Polija $#Gubernija Carstva Pol'skago $#Republik Polen $74046496-9 $8Polen [Tg1] $9085129801 
044K    $#NSZZ "Solidarność" (Labor organization) $#Niezależny Samorządny Związek Zawodowy "Solidarność" $#"Solidarność" $#Solidarität Gewerkschaft $#Unabhängige Selbstverwaltete Gewerkschaft Solidarität $#USG Solidarität $71089046-4 $8NSZZ "Solidarność" [Tb1] $9042279771 
045F    $a909 $eDDC23BSB 
045F/01 $a909 
045F/03 $f09048 
045F/03 $g438 
045R    $aGeschichte 1980-1989 

lok: 44569736 78

exp: 44569736 78 1 #EPN
201B/01 $028-02-19 $t14:09:18.000 
201C/01 $028-02-19 
201U/01 $0utf8 
203@/01 $01046719270 
208@/01 $a28-02-19 $be 
209A/01 $a/ $f000 $x00 
209A/01 $ab*p $x01 
220C/01 $apgar 
244Z/01 $#Generalgouvernement Polen $#Polska $#Rzeczpospolita Polska $#Polska Rzeczpospolita Ludowa $#Poland $#Pologne $#République Polonaise $#Generalne Gubernatorstwo w Polsce $#Polish People's Republic $#Polska Rzeczpospolita Polen $#PRL $#RP $#Polen Generalgouvernement $#Polska Generalgouvernement $#Besetzte Polnische Gebiete $#Besetztes Gebiet in Polen $#Okupowane Polskie Obszary $#Obszary Okupowane w Polsce $#Volksrepublik Polen $#Polska Rosyjska $#Republic Polen $#Respublika Pol'ša $#Pol'skaja Narodnaja Respublika $#République de Pologne $#Polen Links der Weichsel $#Polska po Lewej Stronie Wisły $#Lenkija $#Polija $#Gubernija Carstva Pol'skago $#Republik Polen $74046496-9 $8--Tg1--Polen $x01 $9085129801 
247C/01 $82080>Marburg/Lahn, Herder-Institut, Forschungsbibliothek, Bibliographieportal $9336309341
LEADER 00000caa a2200000 c 4500
001 445697369
003 DE-603
005 20190228234952.0
007 cr||||||||||||
008 190228s2017 xx |||| o| u00||u|pol c
035 |a (DE-599)HEB445697369 
040 |a DE-603  |b ger  |c DE-603  |d DE-603  |e rda 
041 |a pol 
082 0 4 |8 1\u  |a 909  |q DE-101  |2 23/BSB 
085 |8 1\u  |b 909 
085 |8 1\u  |z 1  |s 09048 
085 |8 1\u  |z 2  |s 438 
100 1 |a Bujak, Zbigniew  |d 1954-  |e Verfasser  |4 aut  |0 (DE-603)087464284  |0 (DE-588)119124130  |2 gnd 
245 0 0 |a Solidarność - nowoczesny ruch społeczny  |c Zbigniew Bujak, Stefan Garsztecki 
264 0 |c 2017 
336 |a Text  |b txt  |2 rdacontent 
337 |a Computermedien  |b c  |2 rdamedia 
338 |a Online-Ressource  |b cr  |2 rdacarrier 
610 1 7 |a NSZZ "Solidarność"  |2 gnd  |0 (DE-588)1089046-4  |0 (DE-603)042279771 
648 7 |a Geschichte 1980-1989  |2 gnd 
651 7 |a Polen  |0 (DE-588)4046496-9  |0 (DE-603)085129801  |2 gnd 
655 7 |a Gespräch  |2 gnd-content  |0 (DE-588)4020713-4  |0 (DE-603)085050156 
700 1 |a Garsztecki, Stefan  |d 1962-  |e Verfasser  |4 aut  |0 (DE-603)15515673X  |0 (DE-588)12448509X  |2 gnd 
773 0 8 |i Enthalten in  |t Lekcja solidarności  |d Gdańsk : Europejskie Centrum Solidarności, 2017  |h 91 Seiten  |z 9788362853663  |g (2017), Seite 25-31  |w (DE-603)445695900 
856 |u https://www.ecs.gda.pl/library/File/nauka/e-booki/ECS_raport_Lekcja_.pdf  |x Verlag 
924 1 |9 2080  |a (DE-603)1046719270  |b DE-2080  |c HES  |d d  |g /